000 00858nam a22002417a 4500
005 20090715142457.0
008 090715t xxu||||| |||| 00| 0 eng d
010 _aENG-94420
020 _a9788180545412
_c215.00
035 _aEN-77953
037 _bDBAD / PUB
040 _adpl
_bEnglish
082 _a332.6068
100 _aRustagi, R.P.
245 _ainvestment management:
_btheory and practice /
_cby R.P. Rustagi
250 _a3rd enl ed.
260 _aNew Delhi
_bSultan Chand
_c2009
270 _a23, Daryaganj,
_bNew Delhi
_e110002
300 _axv,388p.
_c25cm(pbk)
500 _aIncludes glossary
942 _2ddc
_cEN
_h332.6068
_mRUS
999 _c28294
_d28294